| 000 | 00811nac a22002051u 4500 | ||
|---|---|---|---|
| 020 | _a0070586098 | ||
| 082 |
_a620.1 _bG4721 |
||
| 090 |
_c107 _d107 |
||
| 100 | _a20080729 | ||
| 245 |
_aSchaum's outline of theory and problems of fluid mechanics and hydraulics/ _bRanald V. Giles |
||
| 250 | _a3rd ed. | ||
| 260 |
_aNew Delhi _bTata McGraw-Hill |
||
| 650 | _aFluid Mechanics | ||
| 650 | _aHydraulics | ||
| 700 | _4Evett, Jack B. | ||
| 700 | _aLiu, Cheng | ||
| 942 |
_cBB _k620.1G4721 |
||
| 999 |
_c107 _d107 |
||